000
00322 a2200109 4500
001
ART_2076
005
20260410161722.0
008
260409a
245
1
0
_a
Contabilidad y auditoría
100
1
_a
García, Sergio O.
773
0
_t
Administración de empresas
_g
- Año XVII, Nº 202 (ene. 1987)
_w
REV2036
999
_c
17093
_d
17093